000
00292nam a2200121Ia 4500
008
220204s9999 xx 000 0 und d
082
_a
628.517.2
_b
CRO
100
_a
Crocker, M J
245
0
_a
Noise and noise control. V 1
260
_a
Ohio
_b
CRC
_c
1975
700
_a
Price, A J
942
_c
BK
999
_c
31429
_d
31429